header

The satanic epic (Record no. 164529)

MARC details
000 -LEADER
fixed length control field 01461nam a2200361 a 4500
082 04 - DEWEY DECIMAL CLASSIFICATION NUMBER
Classification number 821/.4
100 1# - MAIN ENTRY--AUTHOR NAME
Personal name Forsyth, Neil,
245 14 - TITLE STATEMENT
Title The satanic epic
260 ## - PUBLICATION, DISTRIBUTION, ETC. (IMPRINT)
Place of publication Princeton, N.J. :
Name of publisher Princeton University Press,
Year of publication c2003.
300 ## - PHYSICAL DESCRIPTION
Number of Pages x, 382 p.
650 #0 - SUBJECT ADDED ENTRY--TOPICAL TERM
Topical Term Christian poetry, English
Topical Term Epic poetry, English
Topical Term Fall of man in literature.
Topical Term Devil in literature.
Topical Term Evil in literature.
856 40 - ELECTRONIC LOCATION AND ACCESS
Uniform Resource Identifier http://site.ebrary.com/lib/rucke/Doc?id=10312496

No items available.

© 2026 Rongo University
Contact us: librarian | system librarian | Rongo university